ابن عربي : (Record no. 6007)
[ view plain ]
| 000 -الفاتح | |
|---|---|
| حقل البيانات ثابتة الطول | 00823nac a22001931u 4500 |
| 008 - عناصر البيانات ثابتة الطول - معلومات عامة | |
| حقل البيانات ثابتة الطول | 100810t1965 ua|||||r|||| 001 0dara d |
| 082 ## - رقم تصنيف ديوى العشرى | |
| رقم التصنيف | 189 |
| رقم المادة | ب ل ا |
| 100 ## - المدخل الرئيسى - إسم شخصى | |
| الإسم الشخصى | بلاثيوس ، أسين |
| 9 (RLIN) | 17365 |
| 245 ## - بيان العنوان | |
| العنوان | ابن عربي : |
| بقية العنوان | حياته ومذهبه / |
| بيان المسئوليه,etc | أسين بلاثيوس ؛ ترجمه عن الأسبانية عبد الرحمن بدوي |
| 260 ## - PUBLICATION, DISTRIBUTION, ETC. (IMPRINT) | |
| مكان الناشر او الموزع | القاهرة: |
| اسم الناشر او الموزع | مكتبة الأنجلو المصرية ، |
| تاريخ النشر أو التوزيع | 1965 |
| 270 ## - | |
| -- | 165 شارع محمد فريد |
| 300 ## - الوصف المادى | |
| التعداد | 277 ص ؛ |
| أبعاد الوعاء | 24 سم. |
| 490 ## - بيان السلسلة | |
| -- | 16636 |
| عنوان السلسلة | ؛دراسات إسلامية |
| -- | 36 |
| 511 ## - | |
| -- | Catalogued by: Sara |
| 541 ## - تبصرة المصدر المباشر للتزويد | |
| مصدر التزويد | ألف باء ؛ |
| طريقة التزويد | شراء ؛ |
| 600 ## - المدخل الاضافى بالموضوع-اسم شخصى | |
| 9 (RLIN) | 15018 |
| الإسم الشخصى | ابن عربي ، |
| الشكل الأكمل للاسم | أبو بكر محمد بن علي |
| 650 ## - المدخل الاضافى بالموضوع-مصطلح موضوعى | |
| مصطلح موضوعي أو اسم جغرافي كعنصر مدخل | التصوف الإسلامي |
| 9 (RLIN) | 16733 |
| 942 ## - عناصر المدخل الإضافي( كوها) | |
| Koha [default] item type | Book - Borrowing |
| سابقة رقم الطلب | 189 ب ل ا |
| مصدر التصنيف او مخطط الترفيف | Dewey Decimal Classification |
| حالة التراجع | حالة الفقد | مصدر التصنيف او خطة الترفيف | حالة تلف | ليس للاعارة | مجموعات كوها | المكان الدائم | المكان الحالي | موقع الترفيف | تاريخ الاكتساب | Source of acquisition | رقم الاستدعاء | الباركود | Date last seen | مُعار | نوع الوعاء |
|---|---|---|---|---|---|---|---|---|---|---|---|---|---|---|---|
| Dewey Decimal Classification | Alef-Baa | Central Library | Central Library | Lower Floor | 10/08/2010 | 189 ب ل ا | 000007577 | 15/07/2025 | 20/11/2017 | Book - Borrowing |